| 000 | 00620nam a2200217 a 4500 | ||
|---|---|---|---|
| 005 | 20140310183254.0 | ||
| 008 | 101019s19uu xx 00 eng d | ||
| 020 | _a0443062773 | ||
| 050 |
_aRD 93 _b.P87 2004 |
||
| 100 | _aPurcell, Dennis | ||
| 245 |
_aMinor injuries: _ba clinical guide for nurses / _cDennis Purcell. |
||
| 260 |
_aLondon : _bChurchill Livingstone, _c2003. |
||
| 300 |
_a256 p. : _bill. ; _c25 cm. |
||
| 521 | _aNUR | ||
| 650 | _aWounds and injuries-Nursing. | ||
| 650 | _aWound healing. | ||
| 650 | _aEmergency treatment. | ||
| 700 | _aCooper, Mark | ||
| 942 |
_cBK _2lcc _kFOR |
||
| 999 |
_c20821 _d20821 |
||